000 00489nam a22001697a 4500
003 OSt
005 20140311163159.0
008 140227t xxu||||| |||| 00| 0 eng d
020 _a0439070597
050 _aQ 182.3
_b.V36 1999
100 _aVanCleave, Janice
_930760
245 _aJanice VanCleave’s guide to the best science fair projects /
_cJanice VanCleave.
260 _aNew York :
_bWiley,
_cc1999.
300 _a156 p. :
_bill. ;
_c28 cm.
942 _2lcc
_cBK-TR
999 _c42454
_d42454